000 00319nam a2200133Ia 4500
008 240116s9999 xx 000 0 und d
082 _a345.9
_bMAH-C
100 _aMahmood, Shukat
245 0 _aContract Act, 1872
260 _aPakistan
_blegal Research center
_c2022
300 _a329
650 _aLaw
999 _c35095
_d35095